|
|
|
|
| LEADER |
02979nam a2200457 4500 |
| 001 |
978-3-030-02044-6 |
| 003 |
DE-He213 |
| 005 |
20191021181714.0 |
| 007 |
cr nn 008mamaa |
| 008 |
190107s2019 gw | s |||| 0|eng d |
| 020 |
|
|
|a 9783030020446
|9 978-3-030-02044-6
|
| 024 |
7 |
|
|a 10.1007/978-3-030-02044-6
|2 doi
|
| 040 |
|
|
|d GrThAP
|
| 050 |
|
4 |
|a HD60-60.5
|
| 072 |
|
7 |
|a KJG
|2 bicssc
|
| 072 |
|
7 |
|a BUS008000
|2 bisacsh
|
| 072 |
|
7 |
|a KJG
|2 thema
|
| 082 |
0 |
4 |
|a 174.4
|2 23
|
| 245 |
1 |
0 |
|a Practising CSR in the Middle East
|h [electronic resource] /
|c edited by Belaid Rettab, Kamel Mellahi.
|
| 250 |
|
|
|a 1st ed. 2019.
|
| 264 |
|
1 |
|a Cham :
|b Springer International Publishing :
|b Imprint: Palgrave Macmillan,
|c 2019.
|
| 300 |
|
|
|a XV, 211 p. 11 illus.
|b online resource.
|
| 336 |
|
|
|a text
|b txt
|2 rdacontent
|
| 337 |
|
|
|a computer
|b c
|2 rdamedia
|
| 338 |
|
|
|a online resource
|b cr
|2 rdacarrier
|
| 347 |
|
|
|a text file
|b PDF
|2 rda
|
| 505 |
0 |
|
|a Chapter One: Introduction -- Chapter two: Corporate Social Responsibility: Outline of key concepts, trends and theories -- Chapter Three: CSR in the Middle East: from philanthropy to modern CSR -- Chapter Four: CSR Logics in the Middle East -- Chapter Five: SWFs and Corporate Social Responsibility -- Chapter Six: CSR and Corporate Performance with Special Reference to the Middle East -- Chapter Seven: Supporting National Responsibilities in the Quest to Achieve an International Agenda: An exploratory case study from the UAE -- Chapter Eight: Gender Equality and Corporate Social responsibility in the Middle East.
|
| 520 |
|
|
|a Edited by two renowned specialists in CSR in the Middle East, this book features contributions from leading CSR scholars in the region. Each chapter provides a comprehensive and up-to-date discussion of the most pertinent issues within the subject area, and also includes a number of real life case studies addressing emerging and timely CSR topics facing organizations in the Middle East. The book is intended for researchers and students of CSR, providing a state-of-the-art overview of the key themes, best practices and current debates focused upon the Middle East.
|
| 650 |
|
0 |
|a Social responsibility of business.
|
| 650 |
|
0 |
|a International business enterprises.
|
| 650 |
1 |
4 |
|a Corporate Social Responsibility.
|0 http://scigraph.springernature.com/things/product-market-codes/526010
|
| 650 |
2 |
4 |
|a International Business.
|0 http://scigraph.springernature.com/things/product-market-codes/525000
|
| 700 |
1 |
|
|a Rettab, Belaid.
|e editor.
|4 edt
|4 http://id.loc.gov/vocabulary/relators/edt
|
| 700 |
1 |
|
|a Mellahi, Kamel.
|e editor.
|4 edt
|4 http://id.loc.gov/vocabulary/relators/edt
|
| 710 |
2 |
|
|a SpringerLink (Online service)
|
| 773 |
0 |
|
|t Springer eBooks
|
| 776 |
0 |
8 |
|i Printed edition:
|z 9783030020439
|
| 776 |
0 |
8 |
|i Printed edition:
|z 9783030020453
|
| 856 |
4 |
0 |
|u https://doi.org/10.1007/978-3-030-02044-6
|z Full Text via HEAL-Link
|
| 912 |
|
|
|a ZDB-2-BUM
|
| 950 |
|
|
|a Business and Management (Springer-41169)
|